| 000 | 00605nam a2200169Ia 4500 | ||
|---|---|---|---|
| 003 | GCL | ||
| 008 | 140319s9999 xx 000 0 ara d | ||
| 040 |
_aGCL / _cGCL |
||
| 082 | 0 | 4 |
_a230 _bع ت |
| 100 | 1 | _aعبدالعظيم بن عبدالقوى المنذرى | |
| 245 | 1 | 0 |
_aالترغيب والترهيب من الحديث الشريف / _cعبدالعظيم بن عبدالقوى المنذرى |
| 260 |
_a[S.N] : _bالمكتبة القيمة للطباعة والنشر والتوزيع |
||
| 300 | _aمتعدد | ||
| 490 | _a | ||
| 650 | 0 | 4 | _aالاحاديث النبوية |
| 942 |
_2ddc _cBK |
||
| 999 |
_c54455 _d54455 |
||